The Value of helping : (Record no. 102854)
[ view plain ]
| 000 -LEADER | |
|---|---|
| fixed length control field | 00863nam a2200217 a 4500 |
| 005 - DATE AND TIME OF LATEST TRANSACTION | |
| control field | 20140412111244.0 |
| 008 - FIXED-LENGTH DATA ELEMENTS--GENERAL INFORMATION | |
| fixed length control field | 001110s19uu xx 00 eng d |
| 020 ## - INTERNATIONAL STANDARD BOOK NUMBER | |
| International Standard Book Number | 0-916392-41-4 |
| 050 ## - LIBRARY OF CONGRESS CALL NUMBER | |
| Classification number | REF 303.3 |
| Item number | J63 1979 |
| 100 ## - MAIN ENTRY--PERSONAL NAME | |
| Personal name | Johnson, Ann Donegan |
| 245 ## - TITLE STATEMENT | |
| Title | The Value of helping : |
| Statement of responsibility, etc | Ann Donegan Johnson. |
| Remainder of title | the story of Harriet Tubman / |
| 260 ## - PUBLICATION, DISTRIBUTION, ETC. (IMPRINT) | |
| Place of publication, distribution, etc | La Jolla, CA : |
| Name of publisher, distributor, etc | Value Comm, |
| Date of publication, distribution, etc | 1979. |
| 300 ## - PHYSICAL DESCRIPTION | |
| Extent | 63 p. ; col. ; ill. |
| 440 ## - SERIES STATEMENT/ADDED ENTRY--TITLE | |
| Title | A Value Tale Series |
| 520 ## - SUMMARY, ETC. | |
| Summary, etc | Describes the helpful work of Harriet Tubman in aiding slaves to flee the South, in assisting the Union army during the Civil War, and in establishing homes for the old and needy after war. |
| 650 ## - SUBJECT ADDED ENTRY--TOPICAL TERM | |
| Topical term or geographic name as entry element | Tubman, Harriet, 1815?-1913 |
| 650 ## - SUBJECT ADDED ENTRY--TOPICAL TERM | |
| Topical term or geographic name as entry element | Afro-Americans -- Biography |
| 650 ## - SUBJECT ADDED ENTRY--TOPICAL TERM | |
| Topical term or geographic name as entry element | Slavery in the United States |
| General subdivision | Fugitive slaves |
| 650 ## - SUBJECT ADDED ENTRY--TOPICAL TERM | |
| Topical term or geographic name as entry element | Helpfulness |
| Withdrawn status | Lost status | Damaged status | Home library | Current library | Shelving location | Date acquired | Source of acquisition | Total Checkouts | Full call number | Barcode | Date last seen | Price effective from | Koha item type |
|---|---|---|---|---|---|---|---|---|---|---|---|---|---|
| Elizalde Library | Elizalde Library | Reference Section | 11/10/2000 | REF 303.3 J63 1979 | E3005 | 04/12/2014 | 04/12/2014 | Books |